Habitant d'animal crossing - Statistiques

Statistiques générales
  • Ce quiz a été pris 69 fois
  • Le résultat moyen est 6 sur 15
Statistiques - réponses
Hint Réponse % Correct
Un renard arnaqueur Rounard
89%
Un chien musicien mondialement renommé Keke
82%
Un kappa vert qui conduit bus et bateaux Amiral
73%
Un chien venant d'Egypte Ramsès
67%
Un chat violet Robert
55%
Un Koala avec un nom de pêche Melba
47%
Un éléphant théière Fanny
42%
Un cochon ayant une queue en ..... chon Tirbou
40%
Un rhinocéros à croquer Patty
35%
Un lion qui est vraiment "The king" Elvis
31%
Un mouton solaire qui vient de l'espace Etoile
22%
Un fourmilier à grand nez Cyrano
15%
Un oiseau qui n'aime pas trop la saint sylvestre... Titi
13%
Un hamster qui a une dent contre vous Chico
11%
Une grenouille écrite par Beaumarchais Figaro
9%
Aucun quiz correspondant
Distribution des résultats
% des personnes avec chaque résultat
Percentile par nombre de réponses
Votre historique - résultats
Vous n’avez pas pris ce quiz